000 00558nam a22001937a 4500
005 20210423055944.0
008 210222s1969 ||||| |||| 00| 0 eng d
040 _aeng
_cDLC
041 _aeng
_hita
080 _a59
_bG-43
100 _91068
_aGianoli, Luigi
245 _aHorses and Horsemanship through the Ages
_c/ by: Crown Publishers, Inc
260 _aNew York
_bCrown Publishers, Inc
_c1969
300 _a441 p.
_bill.
650 0 _9466
_aZoology
653 _aზოოლოგია
700 _91069
_aBrooks, Iris
_eTranslator
942 _2udc
_cBK
999 _c1652
_d1652